000 00956nam a22002897a 4500
003 CHAP
005 20220329134802.0
008 971013s1979 r 10010 d
010 _a25861
011 _a26833
035 _a30934
040 _cCHAP
082 _a631.7
_bI51
111 0 0 _aInternational Conference on Water Systems and Applications
_d(1978
_c: Tel Aviv)
_959637
245 _aProceedings
260 _aTel Aviv :
_bIsrael Centre of Waterworks Appliences,
_c(1979?)
300 _apág. varía
590 _aBATCH-UPD
_b10
_c20130110
_lUCH01
_h1613
590 _aBATCH-UPD
_b10
_c20130410
_lUCH01
_h1008
590 _aBATCH-UPD
_b10
_c20130914
_lUCH01
_h1656
590 _aCONVERSION
_b10
_c20130109
_lUCH01
_h1315
650 1 4 _aIrrigación
_xCongresos.
_960390
790 _aEfficient water use in Israel and other countries
901 _aBK
942 _cLIBRO
949 _a631.7 I51
_bBC
_cLIBRO
_d33724000167003
_eLIBRO
_h48785
_i30934
_si
_t259.00
999 _c25861
_d25861